000 00457nam a2200157Ia 4500
999 _c18081
_d18081
003 OSt
005 20200606120050.0
008 190216s9999||||xx |||||||||||||| ||und||
040 _cMESKC library
082 _a891.431
_bBAF/P
100 _aBafna, Premalatha
_9363
245 0 _aPand Ka Kavya /
_cPremalatha Bafna
260 _bSahithya Sadan,
_aDehradun:
_c1969.
300 _a552p
942 _cBK
_2ddc
_h891.431
_iBAF/P
_k891.431
_mBAF/P